000 00811nam a22002537a 4500
005 20170123162349.0
010 _a807646
020 _c12.00
035 _a807646
037 _bCen Lib/Ret
040 _aDPL
_bUR
082 _a840.8
_bص د ی
100 _aابو اللیث صدیقی
_9113080
245 _aآج کا اردو ادب /
_cابو اللیث صدیقی
246 _aAaj ka urdu adab /
_bby Abullais Siddiqui
260 _aعلیگڑھ
_bعلیگڑھ بک ڈپو
_c1975
270 _bعلیگڑھ
_aشمساد مارکیٹ
300 _a328p.
_c17cm(Hb)
650 _aادب -- اردو
_9135729
650 _a اردو تنقید
_9135730
650 _aLiterature -- Urdu
_9135731
650 _aUrdu criticism
_9135732
942 _2ddc
_cUR
_h840.8
_mص د ی
999 _c109147
_d109147